Néhány élelmiszer radioaktiv szennyezettségének alakulása Pécs körzetében 1963 és 1973 között

Die radioaktive Kontamination von Milch, Salad, Sauerampfer und Spinat wurde im Bezirk von Pécs in der Periode zwischen 1963 und 1973 untersucht. Die Ergebnisse wurden mittels Varianzanalyse m it den durchschnittlichen Landeswerten verglichen. Dabei wurde festgestellt, dass die Kontamination von Mil...

Teljes leírás

Elmentve itt :
Bibliográfiai részletek
Szerzők: Schuman Róbert
Kacskovics Miklós
Dokumentumtípus: Cikk
Megjelent: Lapkiadó Vállalat Budapest 1975
Sorozat:Élelmiszervizsgálati közlemények 21 No. 1-2
Kulcsszavak:Radioaktív szennyezettség - mérés - élelmiszerek és környezet - Pécs - 1963-1973
Tárgyszavak:
Online Access:http://acta.bibl.u-szeged.hu/80595
LEADER 03130nab a2200277 i 4500
001 acta80595
005 20230826110121.0
008 230823s1975 hu o 0|| hun d
040 |a SZTE Egyetemi Kiadványok Repozitórium  |b hun 
041 |a hun 
041 |a eng 
041 |a ger 
041 |a fre 
041 |a rus 
100 1 |a Schuman Róbert 
245 1 0 |a Néhány élelmiszer radioaktiv szennyezettségének alakulása Pécs körzetében 1963 és 1973 között  |h [elektronikus dokumentum] /  |c  Schuman Róbert 
260 |a Lapkiadó Vállalat  |b Budapest  |c 1975 
300 |a 67-72 
490 0 |a Élelmiszervizsgálati közlemények  |v 21 No. 1-2 
520 3 |a Die radioaktive Kontamination von Milch, Salad, Sauerampfer und Spinat wurde im Bezirk von Pécs in der Periode zwischen 1963 und 1973 untersucht. Die Ergebnisse wurden mittels Varianzanalyse m it den durchschnittlichen Landeswerten verglichen. Dabei wurde festgestellt, dass die Kontamination von Milch in Pécser Bezirk dem Landesdurchschnittswert ähnlich ist, während von den untersuchten Gemüsesorten die Kontamination des Salats geringer als der Landesdurchschnittswert ist, die des Sauerampfers und des Spinats aber annähernd gleich sind. Im Fall beider letztgenannten Gemüsesorten veränderte sich das Mass der radioaktiven Kontamination während der Jahren signifikant. The radioactive contamination of samples of milk, lettuce, sorrel and spinach withdrawn in the Pécs district in the period from 1963 to 1973 was examined. The results were compared, with the use of variance analysis, to the data of the average contaminations of the whole country. It was found that the contamination of milk in the Pécs district is similar to the national average value, the contamination of lettuce is lower than the national average whereas the contaminations of sorrel and spinach are approximately the same. In case of both latter vegetables, significant changes were observed in the level of radioactive contamination, during the examined period. Les auteurs ont, entre 1963 et 1973, étudié la contamination radioactive du Iáit, du malt, de l ’oseille et de l ’épinard. On a, ä l ’aide de l ’analyse des variances, comparé les résultats avec les valeurs moyennes obtenues pour le pays entier. On a constaté que la contamination du Iáit de la région de Pécs était similaire á celle exprimée par la moyenne nationale. Parmi les légumes, la contamination de la laitue se montrait inférieure ä la moyenne nationale, tandis que celle de l ’oseille et de l ’épinard était, ä peu prés identique avec cette derniére. Chez les derniéres deux plantes la contamination variait significamment au cours des années. 
650 4 |a Műszaki és technológiai tudományok 
650 4 |a Egyéb műszaki tudományok és technológiák 
650 4 |a Élelmiszer és italfélék 
695 |a Radioaktív szennyezettség - mérés - élelmiszerek és környezet - Pécs - 1963-1973 
700 0 1 |a Kacskovics Miklós  |e aut 
856 4 0 |u http://acta.bibl.u-szeged.hu/80595/1/elelmiszervizsgalati_kozlemenyek_1975_01-02_067-072.pdf  |z Dokumentum-elérés